Implementácia feministickej zahraničnej politiky
Feministická zahraničná politika alebo feministická diplomacia, ktorú prijalo k roku 2022 sedem krajín – Švédsko, Kanada, Luxembursko, Francúzsko, Španielsko, Mexiko a Líbya – vnáša do medzinárodných vzťahov nový smer. Poskytnutie náhľadu do implementácie feministickej zahraničnej politiky vo Švédsk...
Uložené v:
| Hlavný autor: | |
|---|---|
| Médium: | Kapitola |
| Jazyk: | Slovak |
| Predmet: | |
| Tagy: |
Žiadne tagy, Buďte prvý, kto otaguje tento záznam!
|
MARC
| LEADER | 00000naa$a2200000$$$4500 | ||
|---|---|---|---|
| 001 | 0291815 | ||
| 005 | 20240502074459.4 | ||
| 041 | 0 | |a slo | |
| 044 | |a SK | ||
| 245 | 1 | 0 | |a Implementácia feministickej zahraničnej politiky |c Andrianna Baleha |
| 520 | |a Feministická zahraničná politika alebo feministická diplomacia, ktorú prijalo k roku 2022 sedem krajín – Švédsko, Kanada, Luxembursko, Francúzsko, Španielsko, Mexiko a Líbya – vnáša do medzinárodných vzťahov nový smer. Poskytnutie náhľadu do implementácie feministickej zahraničnej politiky vo Švédsku a v Mexiku, poukázanie na dosiahnuté výsledky, ako aj na nedostatky. Keďže si vlády krajín stanovili ako merateľný ukazovateľ podiel žien v diplomatickej službe, v kapitole ďalej porovnávame tento ukazovateľ v krajinách, ktoré feministickú zahraničnú politiku prijali, resp. neprijali. | ||
| 610 | 2 | 0 | |a politika zahraničná |
| 610 | 2 | 0 | |a vzťahy medzinárodné |
| 610 | 2 | 0 | |a rovnosť rodová |
| 610 | 2 | 0 | |a diplomacia |
| 610 | 2 | 0 | |a ženy |
| 610 | 2 | 0 | |a Švédsko |
| 610 | 2 | 0 | |a Mexiko |
| 100 | 1 | |a Baleha, Andrianna, 1990- | |